000 00875nam0a22002651 4500
001 rc\2922105
005 20250529224616.0
035 _a(NLR Aleph) 007072197
090 _a6391819
_c6391819
100 _a20110814d1933 |||y0rusy50 ca
101 0 _arus
102 _aRU
105 _aa z |||||
200 1 _aЧто такое лесохимия
_fС. Семенов
205 _a2-е изд.
210 _aМосква
_cГослестехиздат
_d1933
215 _a120 с.
_cил.
_d17х13 см
300 _aОбл.: С. Телингатер
700 1 _7ca
_8rus
_aСеменов
_bА. С.
_cинженер-технолог
_f1881-
_gАлександр Сергеевич
_9215143
_3RU\NLR\AUTH\770215199
702 1 _aТелингатер
_bС.
_4570
801 0 _aRU
_bNLR
_gpsbo
801 1 _aRU
_bELAR
_2rusmarc
852 _aNLR
_j33-2/433
942 _cBOOK
980 _aNB